000
00335nam a2200133Ia 4500
008
240624s9999 xx 000 0 und d
041
_a
eng
082
_a
330 DAS
100
_a
DAS MAUSUMI
245
_a
ECONOMIC CHALLENGES FOR THE CONTEMPORARY
260
_c
2016
_a
New Delhi
_b
Sage
300
_a
xvi, 324 p.; 26 cm.
365
_c
RS
_b
32
999
_c
29898
_d
29898